|
|
|
|
| LEADER |
00000ny a22000003n 4500 |
| 005 |
20110513124920.0 |
| 008 |
101119c19979999sp fr p 000 b0spa d |
| 022 |
|
|
|a 1137-8875
|
| 035 |
|
|
|a 5040
|
| 040 |
|
|
|a SpMaUCPP
|d vLex
|
| 090 |
|
|
|c 1873
|d 1873
|
| 245 |
3 |
0 |
|a Revista Espaǫla de Desarrollo y Cooperacin̤
|h [Recurso electrn̤ico]
|
| 256 |
|
|
|a Servicio en ln̕ea
|
| 260 |
|
|
|a Madrid :
|b Instituto Universitario de Desarrollo y Cooperacin̤, Universidad Complutense de Madrid
|
| 310 |
|
|
|a Semestral
|
| 362 |
0 |
|
|a N.0(1997)-
|
| 506 |
1 |
|
|a Contenido solo disponible en los productos indicados
|d vLex Global
|d vLex Global (Academic Edition, excluding Law Schools)
|d vLex Global (U.S. Academic Edition, Law Schools)
|d vLex Global (U.S. Academic Edition, excluding Law Schools)
|d vLex Global (Academic Edition, Law Schools)
|
| 650 |
0 |
4 |
|a Cooperacin̤ administrativa
|2 Tesauro vLex
|
| 650 |
0 |
4 |
|a Relaciones administrativas
|2 Tesauro vLex
|
| 650 |
0 |
4 |
|a Relaciones internacionales
|2 Tesauro vLex
|
| 710 |
2 |
|
|a Universidad Complutense de Madrid.
|b Instituto Universitario de Desarrollo y Cooperacin̤
|
| 740 |
0 |
|
|a vLex Revista (Servicios en ln̕ea)
|
| 843 |
|
|
|a Electrn̤ica. Abierta
|
| 853 |
|
|
|8 1
|i (year)
|j (month)
|k (day)
|
| 856 |
4 |
0 |
|u http://vlex.com/source/5040
|z Acceso restringido
|
| 942 |
|
|
|c REV
|